Villes de l'Art Nouveau par Images - Statistiques

Statistiques générales
  • Ce quiz a été pris 41 fois
  • Le résultat moyen est 7 sur 18
Statistiques - réponses
Par images Réponse % Correct
Paris
87%
Bruxelles
82%
Barcelone
79%
Prague
67%
Vienne
64%
Budapest
59%
Munich
49%
Nancy
49%
Saint-Petersbourg
41%
La Havane
33%
Milan
26%
Glasgow
21%
Riga
15%
Ljubljana
8%
Reus
8%
Weimar
8%
Darmstadt
3%
Tbilissi
3%
Aucun quiz correspondant
Distribution des résultats
% des personnes avec chaque résultat
Percentile par nombre de réponses
Votre historique - résultats
Vous n’avez pas pris ce quiz